| 000 | 00347nam a2200145Ia 4500 | ||
|---|---|---|---|
| 008 | 230917s9999||||xx |||||||||||||| ||und|| | ||
| 040 |
_e114277 _aMAIN |
||
| 041 | _aEnglish | ||
| 082 | _a843.3 C337D | ||
| 100 | _aCervantes, Saavedra | ||
| 245 | 0 | _aDon Quixote | |
| 260 |
_aNew Delhi _bViva Books _c2007 |
||
| 300 | _avii, 178p p. | ||
| 942 | _cBK | ||
| 999 |
_c140740 _d140740 |
||